| 000 | 00787nam a22002417a 4500 | ||
|---|---|---|---|
| 999 |
_c5122 _d5122 |
||
| 003 | AR-CdUCM | ||
| 008 | 190312b ||||| |||| 00| 0 spa d | ||
| 040 |
_aMUNICIPALIDAD PROVINCIAL DEL CUSCO _cBIBLIOTECA MUNICIPAL DEL CUSCO |
||
| 082 |
_a330.1 / _bP43 |
||
| 100 |
_aPepelasis, Adamantios _915573 |
||
| 245 | _aDesenvolvimiento económico / | ||
| 260 |
_aMexico : _bTrillas, _c1964. |
||
| 300 |
_a584 páginas ; _c24 cm. |
||
| 505 | _aDeterminantes del desarrollo económico -- Estudio económico de diversos países. | ||
| 650 |
_aEconomía. _9382 |
||
| 650 |
_aDesarrollo económico. _91696 |
||
| 650 |
_aEstudio económico. _915574 |
||
| 650 |
_aDeterminantes. _915575 |
||
| 700 |
_aMears, Leon _915576 |
||
| 700 |
_aAdelman, Irma _97268 |
||
| 942 |
_2ddc _cLIBROS |
||
| 945 | _awfj | ||